000 00691nam a22002297a 4500
005 20170124110055.0
010 _aA-949924
020 _c495.00
_a8185421307
035 _aA-949924
037 _bCen Lib/Ret
040 _aDPL
_bEN
082 _a615.53
_bPAL
100 _aPal, D. C.
_926240
245 _aTribal medicine /
_cby D. C. Pal [and] S. K. Jain
260 _aCalcutta
_bNaya Prokash
_c1998
270 _bCalcutta
_a206 Bidhani Sarani
_e700006
300 _a317p. :
_c20cm(Hb)
_bcol.ill.
650 _aMateria medica, Vegetable -- India
_926241
650 _aMedicinal plants -- India
_926242
700 _aJain, S. K.
_98421
942 _2ddc
_cEN
_h615.53
_mPAL
999 _c129391
_d129391